000 00479nam a2200145Ia 4500
005 20240419042833.0
008 240331s9999 xx 000 0 und d
020 _a9090026274
082 _bBAU
_a331.4
100 _aBaud, Antoinette Suzanne Isabelle
245 0 _aForms of production and women's labour :
_bGender aspects of industrialization in India and Mexico
_cI.S.A. Baud.
300 _a237 p .,
650 _aWomen
942 _cL
999 _c2614
_d2614